000
00307 a2200145 4500
001
60228
082
_a
621.75 CHA
090
_c
36968
_d
36968
100
_a
Chapman W.A .j
245
_a
Workshol Technology
250
_a
4 th
260
_b
Edward Arnold
_c
1985
300
_a
409
490
_v
part-Three
942
_a
caenust
_k
621.75 CHA
999
_c
295301
_d
295301